Historia de la teoría política
محفوظ في:
| المؤلف الرئيسي: | |
|---|---|
| مؤلفون آخرون: | , |
| التنسيق: | كتاب |
| اللغة: | الإسبانية |
| منشور في: |
México D.F., México :
Fondo de Cultura Económica,
1994
|
| الطبعة: | Tercera edición |
| سلاسل: | Sección de Obras de Política y Derecho
|
| الموضوعات: | |
| الوصول للمادة أونلاين: | Disponible Online - Primera parte. Cap. II - III - VIII |
| الوسوم: |
إضافة وسم
لا توجد وسوم, كن أول من يضع وسما على هذه التسجيلة!
|
MARC
| LEADER | 00000cam a2200000 a 4500 | ||
|---|---|---|---|
| 001 | UCH9177 | ||
| 003 | CL-VaPUC | ||
| 005 | 20250313113336.0 | ||
| 008 | 091224e19940000MX |||||||||||||||||spa|d | ||
| 999 | |c 339238 |d 339236 | ||
| 040 | |c Pontificia Universidad Católica de Valparaíso | ||
| 082 | 0 | 4 | |a 320.01 SAB 1994 |2 21 |
| 100 | 1 | |a Sabine, George H. |e autor |9 878624 | |
| 245 | 1 | 0 | |a Historia de la teoría política |
| 250 | |a Tercera edición |b corregida y aumentada | ||
| 260 | |a México D.F., México : |b Fondo de Cultura Económica, |c 1994 | ||
| 300 | |a 697 páginas | ||
| 490 | 0 | |a Sección de Obras de Política y Derecho | |
| 583 | |a last modification |c 20180315 10:23:11 |k Rodrigo Vera | ||
| 650 | 0 | |a Teoría política |2 CL-VaPUC |9 856335 |x Historia | |
| 650 | 0 | |a Política económica |9 255029 | |
| 650 | 0 | |a Ideologías políticas |9 255735 | |
| 650 | 7 | |a Filosofía política |2 CL-VaPUC |9 546128 | |
| 700 | |a Thorson, Thomas Landon |e revisión |9 896761 | ||
| 700 | |a Herrero, Vicente |e traductor |9 896762 | ||
| 856 | |u http://bibliografiadigital.pucv.cl.pucv.idm.oclc.org/index.php/bibliotecapucv/catalog/book/315 |y Disponible Online - Primera parte. Cap. II - III - VIII | ||
| 942 | |c BK |2 ddc | ||
| 945 | |d 20091224 00:00:00 |a cmena | ||
| 952 | |0 0 |1 0 |2 ddc |4 0 |6 320_010000000000000_SAB_1994 |7 0 |8 C |9 432757 |a BIBCUR |b BIBCUR |d 2019-11-22 |i 4582187 |o 320.01 SAB 1994 |p 4582187 |r 2025-04-22 |w 2019-11-22 |y BK |k CAC | ||
| 952 | |0 0 |1 0 |4 0 |6 320_010000000000000_SAB_1994 |7 0 |8 A |9 432758 |a BIBING |b BIBING |d 2019-11-22 |i 4875494 |o 320.01 SAB 1994 |p 4875494 |r 2025-01-20 |w 2019-11-22 |y BK |k CUI | ||
| 952 | |0 0 |1 0 |4 0 |6 320_010000000000000_SAB_1994 |7 0 |8 A |9 432759 |a BIBDER |b BIBDER |d 2019-11-22 |i 3185591 |l 5 |m 1 |o 320.01 SAB 1994 |p 3185591 |r 2024-09-02 |s 2024-08-20 |w 2019-11-22 |y BK |k DER | ||
| 952 | |0 0 |1 0 |4 0 |6 320_010000000000000_SAB_1994 |7 0 |8 A |9 432760 |a BIBDER |b BIBDER |d 2019-11-22 |i 3203263 |l 2 |m 1 |o 320.01 SAB 1994 |p 3203263 |r 2025-04-17 |s 2025-04-03 |w 2019-11-22 |y BK |k DER | ||
| 952 | |0 0 |1 0 |4 0 |6 320_010000000000000_SAB_1994 |7 0 |8 A |9 432761 |a BIBDER |b BIBDER |d 2019-11-22 |i 3203271 |l 8 |m 1 |o 320.01 SAB 1994 |p 3203271 |r 2025-04-10 |s 2025-03-27 |w 2019-11-22 |y BK |k DER | ||
| 952 | |0 0 |1 0 |4 0 |6 320_010000000000000_SAB_1994 |7 0 |8 A |9 432762 |a BIBDER |b BIBDER |d 2019-11-22 |i 3182533 |l 6 |m 2 |o 320.01 SAB 1994 |p 3182533 |r 2024-10-24 |s 2024-10-24 |w 2019-11-22 |y BK |k DER | ||
| 952 | |0 0 |1 0 |4 0 |6 320_010000000000000_SAB_1994 |7 0 |8 A |9 432763 |a BIBDER |b BIBDER |d 2019-11-22 |i 3182541 |l 10 |m 2 |o 320.01 SAB 1994 |p 3182541 |r 2024-10-14 |s 2024-10-07 |w 2019-11-22 |y BK |k DER | ||
| 952 | |0 0 |1 0 |4 0 |6 320_010000000000000_SAB_1994 |7 0 |8 C |9 432764 |a BIBCUR |b BIBCUR |d 2019-11-22 |i 342636K |o 320.01 SAB 1994 |p 342636K |r 2025-04-22 |w 2019-11-22 |y BK |k PER | ||
| 952 | |0 0 |1 0 |4 0 |6 320_010000000000000_SAB_1994 |7 0 |8 A |9 432765 |a BIBHIS |b BIBHIS |d 2019-11-22 |i 3716120 |l 2 |o 320.01 SAB 1994 |p 3716120 |r 2025-01-20 |s 2023-03-20 |w 2019-11-22 |y BK |k HIS | ||
| 952 | |0 0 |1 0 |4 0 |6 320_010000000000000_SAB_1994 |7 0 |8 A |9 432766 |a BIBDER |b BIBDER |d 2019-11-22 |i 3999467 |l 10 |m 4 |o 320.01 SAB 1994 |p 3999467 |r 2025-04-22 |s 2025-04-22 |w 2019-11-22 |y BK |k DER | ||
| 952 | |0 0 |1 0 |4 0 |6 320_010000000000000_SAB_1994 |7 0 |8 A |9 432767 |a BIBDER |b BIBDER |d 2019-11-22 |i 3999475 |l 14 |m 5 |o 320.01 SAB 1994 |p 3999475 |q 2025-05-15 |r 2025-04-25 |s 2025-04-25 |w 2019-11-22 |y BK |k DER | ||
| 952 | |0 0 |1 0 |3 erb |4 0 |6 320_010000000000000_SAB_1994 |7 0 |8 A |9 432768 |a BIBEDU |b BIBEDU |i 5457246 |l 2 |m 1 |o 320.01 SAB 1994 |p 5457246 |r 2024-10-28 |s 2024-10-10 |w 2019-11-22 |y BK |z Catalogado en:20180316 |k FIL | ||